¿ Tenemos la capacidad de vivir en sociedad ? (Record no. 145019)
[ view plain ]
| 000 -CABECERA | |
|---|---|
| campo de control de longitud fija | 00535nab a2200205 a 4500 |
| 005 - FECHA Y HORA DE LA ÚLTIMA TRANSACCIÓN | |
| campo de control | 20210219160809.0 |
| 008 - ELEMENTOS DE LONGITUD FIJA--INFORMACIÓN GENERAL | |
| campo de control de longitud fija | 991125s1985 mx 000 0 spa u |
| 035 ## - NÚMERO DE CONTROL DEL SISTEMA | |
| Número de control de sistema | UPN01000172915 |
| 100 1# - ASIENTO PRINCIPAL--NOMBRE PERSONAL | |
| Nombre de persona | Vázquez Cuaxiloa, Noemí Lizett |
| 222 ## - TÍTULO CLAVE | |
| Título clave | ROMPAN FILAS |
| 245 ## - MENCIÓN DE TÍTULO | |
| Título | ¿ Tenemos la capacidad de vivir en sociedad ? |
| 260 ## - PUBLICACIÓN, DISTRIBUCIÓN, ETC. | |
| Lugar de publicación, distribución, etc. | México |
| 300 ## - DESCRIPCIÓN FÍSICA | |
| Extensión | 3-11 |
| 362 0# - FECHAS DE PUBLICACIÓN Y/O DESIGNACIÓN SECUENCIAL | |
| Fecha de publicación y/o designación secuencial | 2009 Año 18, no. 100, may.-jun. |
| 653 0# - TERMINO DE INDIZACION - NO CONTROLADO | |
| Término no controlado | VALORES MORALES |
| 653 0# - TERMINO DE INDIZACION - NO CONTROLADO | |
| Término no controlado | CIVISMO |
| 653 0# - TERMINO DE INDIZACION - NO CONTROLADO | |
| Término no controlado | FAMILIA |
| 653 0# - TERMINO DE INDIZACION - NO CONTROLADO | |
| Término no controlado | SOCIEDAD |
| 905 ## - TIPO DE MATERIAL | |
| Tipo de material | Articulo |
No items available.
